1139 1235 1263 1109 1317 1996 1817 1393 1763 1440 1211 1955 1865 1330 1964 1541 1558 1586 1833 1355 1255 1334 1580 1980 1090 1411 1793 1639 1071 1089 1821 1138 1408 1201 1419 1391 1907 1746 1453 1828 1145 1844 1603 1597 1452 1710 1317 1653 1574 1967 1409 1667 1083 1802 1139 1079 1868 1223 1406 1145 1506 1131 1705 1550 1638 1271 1875 1363 1351 1495 1794 1775 1498 1132 1819 1762 1133 1148 1678 1117 1214 1363 1326 1047 1891 1167 1117 1345 1941 1518 1755 1083 1174 1726 1930 1168 1231 1233 1257 BCNSPRNW ULIB Ver.6.0+V

เปลี่ยนเป็นภาษาไทย

Change to English
 แสดงรายละเอียดบรรณานุกรม
  กลับหน้าหลัก

Brief Record : Get Marc (ISO 2709) : E-mail record : QR code < ปิดหน้าต่าง
LEADER : 00000nam a2200000Ia 4500
001    13399114814
003     ULIB
008    011002s2554 th 000 0 tha d
060 04 ^aWY16^bป349ป
111 2  ^aประมวลการประชุมพยาบาลศาสตร์ศึกษาแห่งชาติ ครั้งที่ 5
245 10 ^aประมวลการประชุมพยาบาลศาสตร์ศึกษาแห่งชาติ ครั้งที่ 5 เรื่อง การจัดการศึกษา ระดับบัณฑิตศึกษา สาขาพยาบาลศาสตร์ เพื่อตอบสนองความต้องการของสังคม ^cสภาการพยาบาล วันที่ 24-26 สิงหาคม 2554 ณ สถาบันวิจัยจุฬาภรณ์ กรุงเทพมหานคร
246 30 ^aารจัดการศึกษา ระดับบัณฑิตศึกษา สาขาพยาบาลศาสตร์ เพื่อตอบสนองความต้องการของสังคม
260    ^aกรุงเทพฯ :^bสภาการพยาบาล} ^c2554
300    ^a80 หน้า ;^c29 ซม.
500    ^a ที่ประชุมคระบดีและหัวหน้าสถาบันการศึกษาสาขาพยาบาลศาสตร์ของรัฐสังกัดคณะกรรมการการอุดมศึกษา (ทคพย.)ร่วมกับสภาการพยาบาล
650  4 ^aการพยาบาล^vการประชุม
650  4 ^aพยาบาล^vการประชุม
710 2  ^aสภาการพยาบาล
945    ^p0^l0^i031800
945    ^p0^l0^i031801
945    ^p0^l0^i031802
945    ^p0^l0^i031803
995    ^aเกษร
999 ^a ใช้งานได้ทุกระบบ
รายการนี้ยังไม่มีแท็ก
คุณยังไม่ได้ล็อกอิน คุณสามารถมีกิจกรรมร่วมกับเว็บไซต์ได้ แต่ต้องล็อกอินก่อน ::
  ล็อกอิน

รายการสื่อสารสนเทศ

ลำดับที่ ประเภท เลขเรียก/บาร์โค้ด สถานที่ สถานะ
1. วิทยาศาสตร์การแพทย์ และสุขภาพ
หนังสือสำรอง
สถานะ=หนังสือสำรอง
WY16 ป349ป ฉ.1 
  Barcode: 031800
ห้องสมุดวิทยาเขตสวรรค์ประชารักษ์
►ส่วนจัดเก็บหนังสือเก่า สปร
บนชั้น
  ขอยืม

BibComment


ยังไม่เคยถูกคอมเมนท์

คอมเมนท์ทรัพยากรรายการนี้
  คอมเมนท์: ประมวลการประชุมพ..


 Copyright 2026. Bcnsprnw @Library